Tribhuvan University Central Library

Perspectives on language, an anthology (Record no. 27511)

MARC details
000 -LEADER
fixed length control field 005290000a22002290004500
082 ## - DEWEY DECIMAL CLASSIFICATION NUMBER
Classification number 420
Item number R961p
041 ## - LANGUAGE CODE
Language code of text/sound track or separate title Eng
100 ## - MAIN ENTRY--PERSONAL NAME
Personal name Rycenga, John A. ed.
100 ## - MAIN ENTRY--PERSONAL NAME
Personal name Schwarts, Joseph, ed.
245 ## - TITLE STATEMENT
Title Perspectives on language, an anthology
260 ## - PUBLICATION, DISTRIBUTION, ETC. (IMPRINT)
Place of publication, distribution, etc New York
Name of publisher, distributor, etc The Ronald Press, USA
260 ## - PUBLICATION, DISTRIBUTION, ETC. (IMPRINT)
Date of publication, distribution, etc 1963
300 ## - PHYSICAL DESCRIPTION
Extent vi,356p.
518 ## - DATE/TIME AND PLACE OF AN EVENT NOTE
Date/time and place of an event note 20020726
530 ## - ADDITIONAL PHYSICAL FORM AVAILABLE NOTE
Additional physical form available note M
650 ## - SUBJECT ADDED ENTRY--TOPICAL TERM
Topical term or geographic name as entry element English language
650 ## - SUBJECT ADDED ENTRY--TOPICAL TERM
Topical term or geographic name as entry element Grammar
650 ## - SUBJECT ADDED ENTRY--TOPICAL TERM
Topical term or geographic name as entry element Linguistics
650 ## - SUBJECT ADDED ENTRY--TOPICAL TERM
Topical term or geographic name as entry element Employment
650 ## - SUBJECT ADDED ENTRY--TOPICAL TERM
Topical term or geographic name as entry element Anthologies
942 ## - ADDED ENTRY ELEMENTS (KOHA)
Koha item type General Collections
Holdings
Withdrawn status Lost status Damaged status Not for loan Home library Current library Date acquired Total Checkouts Barcode Date last seen Date checked out Price effective from
        Tribhuvan University Central Library Tribhuvan University Central Library 06/20/2010 1 G55404 01/25/2016 11/01/2015 06/20/2010